000 00483nam a2200169Ia 4500
005 20250423100728.0
008 250422s9999 xx 000 0 und d
020 _a9781800565661
050 _aQA 76.73.P98 .R37/
100 _aRaschka, Sebastian
245 0 _aPython machine learning: machine learning and deep learning with python, scikit-learn, and tensorflow2
260 _aBirmingham
260 _bPackt Publishing Ltd.
260 _c2020
300 _a672 p
942 _cBK
999 _c34173
_d34173